Datum a čas kvízu
30
Celkem bodů
Celkový počet nahraných bodů na tomto kvízu bez doplňovacích otázek.
3.
Pořadí na kvízu
Konečné umístění týmu na tomto kvízu.
Zaznamenané odpovědi
| # | Otázka | Odpověď | Body | Výsledky |
|---|---|---|---|---|
| 1. | Praha plánuje přejmenovat námě... | Boris Němcov | 0 | |
| 2. | Když policejní oddělení v Seve... | Sauron | 0 | |
| 3. | V Praze se minulý týden konal... | Comic Con | 1 | |
| 4. | Svět mobilních telefonů minulý... | Blackberry | 1 | |
| 5. | V úterý se konalo finále hokej... | (Mountfield HK) Hradec Králové, Frölunda (HC Indians) | 0 | |
| 6. | Další díl naší cesty kolem svě... | Washington, Wisconsin, Wyoming | 0.5 | |
| 7. | Tento americký generál a indiá... | George Cluster, Sedící býk (Sitting Bull) | 1 | |
| 8. | Fakt, že se ve Spojených státe... | 1C 2A 3B 4D | 1 | |
| 9. | Která řeka "vyřezala" do kraji... | A | 1 | |
| 10. | Ze Spojených států pochází nep... | Katy Perry | 0 |